00847 a2200181 45000010006000000050017000060080041000230030015000640400040000790800022001192450087001410200018002282640059002463000019003055050304003240410008006281000029006366036320260407155854.0260407a1992 arg spa dAR-UNSa-BCEJYS aAR-UNSa-BCEJYSbspacAR-UNSa-BCEJYS a657xContabilidad10aUn modelo contable de evaluación de la gestión de inversión y financiación a950-9414-32-X 1aSan Miguel de Tucumán :bEdiciones El Graduadoc1992 a291 p.c22 cm. a1. Importancia de los resultados no transaccionales - 2. Activos y pasivos financieros - 3. Activos y pasivos no financieros - 4. Cuantificación del efecto del cambio en el NGP sobre la U.M - 5. Obtención de los resultados por tenencia - 6. La acción de homogeneización de la U.M - 7. Datos  aspa1 aOstengo, Héctor Carlos